First presidents - Statistics

General Stats
  • This quiz has been taken 14 times
  • The average score is 2 of 8
Answer Stats
Hint Answer % Correct
First US president George Washington
100%
First President of Russia Boris Yeltsin
50%
First president of a European country Napoleon Bonaparte (Italian Republic)
21%
First woman president Isabel Martínez de Perón (Argentina)
14%
First president of an African country Joseph Jenkins Roberts (Liberia)
14%
First president of an Asian country Sun Yat-sen (China)
14%
First person to be called president as the highest official in a government John Bradshaw (Commonwealth)
7%
First President of the Continental Congress of the USA John Hanson
7%
No matching quizzes found
Score Distribution
Percent of People with Each Score
Percentile by Number Answered
Your Score History
You have not taken this quiz